000 00470nam a2200181Ia 4500
001 2311
005 20260306144757.0
008 260306t2017||||xx |||||||||||||| ||spa||
041 _aESP
082 _a616.858445
_bI24
100 _aIbarra-López, Armando Martín
_eAUT
245 0 _aInvestigación transdisciplinar del fenómeno suicida
260 _c2017
300 _axviii, 212 páginas :
_c23 cm.
650 _aGEN
654 _aCPS
942 _cLIB
_dJUS
_fJUS
_2ddc
_n
999 _c2311
_d2311